Qualitative differences in retention /

Bibliographic Details
Main Author: Wenestam, Claes-Göran, 1943-
Format: Book
Language:English
Published: Goteborg, Sweden : Acta Universitatis Gothoburgensis, 1980.
Series:Göteborg studies in educational sciences ; 35.
Subjects:

MARC

Tag First Indicator Second Indicator Subfields
LEADER 00000cam a2200000 a 4500
001 in00000072103
005 20151008062541.0
008 810814s1980 sw b 00010 engm
010 |a  81464967  
015 |a S80 
020 |a 9173460826 
035 |a (OCoLC)06406268 
035 |9 AAK0463AM 
040 |a DLC  |c DLC  |d m.c.  |d TXA  |d UtOrBLW 
049 |a TXAM  |c [1406764] 
050 0 0 |a BF371  |b .W44 
082 0 |a 153.1/2  |2 19 
100 1 |a Wenestam, Claes-Göran,  |d 1943- 
245 1 0 |a Qualitative differences in retention /  |c Claes-Goran Wenestam. 
264 1 |a Goteborg, Sweden :  |b Acta Universitatis Gothoburgensis,  |c 1980. 
300 |a 220 pages ;  |c 21 cm. 
336 |a text  |b txt  |2 rdacontent 
337 |a unmediated  |b n  |2 rdamedia 
338 |a volume  |b nc  |2 rdacarrier 
490 1 |a Goteborg studies in educational sciences,  |x 0436-1121 ;  |v 35 
500 |a Extra title page with thesis statement inserted. 
500 |a Originally published as the author's thesis (Ph. D.)--Gothenburg University, 1980. 
504 |a Bibliography: pages 185-193. 
650 0 |a Recollection (Psychology) 
650 0 |a Comprehension. 
830 0 |a Göteborg studies in educational sciences ;  |v 35. 
999 |a MARS 
999 f f |s 884ee3e1-bb67-3359-a206-f3feaa911a30  |i 4a2a057a-a5a1-3e72-8ab9-d229af34112f  |t 0 
952 f f |p ric  |a Texas A&M University  |b Rellis Campus  |c Joint Library Facility  |d Remote Storage  |t 0  |e BF371 .W44  |h Library of Congress classification  |i unmediated -- volume  |m A14806087073 
998 f f |a BF371 .W44  |t 0  |l Remote Storage